000
00239nam a2200097Ia 4500
008
230508s2004 xx 000 0 und d
041
_a
eng
100
_a
IVOR HORTON
245
_a
BEGINNIMG VISUAL C++ 6
260
_b
SHROFF PUBLI & DIST
_c
2004
999
_c
715158
_d
715158